| 000 | 00597cam a22002053a 4500 | ||
|---|---|---|---|
| 001 | 40638 | ||
| 003 | PGUSA | ||
| 005 | 20140828083916.0 | ||
| 008 | 120901s2012||||xxu|||||s|||||000 | eng d | ||
| 040 |
_aPGUSA _beng |
||
| 042 | _adc | ||
| 100 | 1 |
_aWoodberry, George Edward, _d1855-1930 |
|
| 245 | 1 | 2 |
_aA History of Wood-Engraving _h[electronic resource] / _cGeorge Edward Woodberry |
| 260 |
_bProject Gutenberg, _c2012 |
||
| 506 | _aPublic domain in the USA. | ||
| 516 | _aElectronic text | ||
| 830 | 0 |
_aProject Gutenberg _v40638 |
|
| 856 | 4 | 0 | _uhttp://www.gutenberg.org/ebooks/40638 |
| 942 | _cEB | ||
| 999 |
_c269891 _d269891 |
||